មាន់គកឈ្លាសវៃ : (Record no. 9127)
[ view plain ]
| 000 -LEADER | |
|---|---|
| fixed length control field | 02642nam a22002777a 4500 |
| 001 - CONTROL NUMBER | |
| control field | 9127 |
| 003 - CONTROL NUMBER IDENTIFIER | |
| control field | FISKH |
| 005 - DATE AND TIME OF LATEST TRANSACTION | |
| control field | 20251124115024.0 |
| 008 - FIXED-LENGTH DATA ELEMENTS--GENERAL INFORMATION | |
| fixed length control field | 251124b cb ||||| |||| 00| 0 eng d |
| 040 ## - CATALOGING SOURCE | |
| Original cataloging agency | FISKH |
| Language of cataloging | khr |
| Transcribing agency | FISKH |
| Modifying agency | FISKH |
| 082 ## - DEWEY DECIMAL CLASSIFICATION NUMBER | |
| Classification number | 398.2 |
| 100 ## - MAIN ENTRY--PERSONAL NAME | |
| Personal name | Sarik , Iv |
| 245 ## - TITLE STATEMENT | |
| Title | មាន់គកឈ្លាសវៃ : |
| Remainder of title | The wise rooster / |
| Statement of responsibility, etc. | រៀបរៀងដោយ អុីវ សារីក , គូររូបដោយ អេត អូ |
| 260 ## - PUBLICATION, DISTRIBUTION, ETC. | |
| Date of publication, distribution, etc. | 2011 . |
| 300 ## - PHYSICAL DESCRIPTION | |
| Extent | 24 pages : |
| Other physical details | color illustrations ; |
| Dimensions | 30 cm . |
| 505 ## - FORMATTED CONTENTS NOTE | |
| Formatted contents note | R <br/><br/> |
| 520 ## - SUMMARY, ETC. | |
| Summary, etc. | មានកុដុម្ពីម្នាក់មានទ្រព្យសម្បត្តិស្តុកស្តម្ភ រស់នៅជាមួយភរិយានិងកូនអាយុ10ឆ្នាំ ។ កុដុម្ពីមានចំនេះដ៏ពិសេសមួយគឺការស្តាប់ភាសាសត្វបាន តែគាត់មិនអាចប្រាប់នរណាបានទេ បើមិនដូច្នោះទេគាត់នឹងក្លាយទៅជាថ្ម ។ ថ្ងៃមួយគាត់បានលឺសត្វនិយាយគ្នាហើយគាត់ក៏សើចតែម្នាក់ឯងធ្វើអោយប្រពន្ធគាត់គិតថាគាត់មិនស្មោះត្រង់ ជាមួយនាង នាងក៏កើតចិត្តខឹង។ កុដុម្ពីក៏បានលឺមាត់គកនិយាយគ្នាជាមួយឆ្កែ គាត់ក៏ធ្វើតាមមាន់គកហើយប្រពន្ធរបស់គាត់ក៏ត្រូវគ្នាវិញ ។ |
| 520 ## - SUMMARY, ETC. | |
| Summary, etc. | There was a wealthy man who lived with his wife and their 10-year-old child. This man had a special ability: he could understand the language of animals, but he could not tell anyone about it; otherwise, he would turn into stone.<br/>One day, he overheard some animals talking and he laughed to himself, which made his wife think he was hiding something from her. She became upset with him.<br/>Later, the man heard a rooster talking with a dog. He followed the rooster’s advice, and as a result, his wife reconciled with him . |
| 521 8# - TARGET AUDIENCE NOTE | |
| Target audience note | 700 <br/> |
| Source | Lexile estimate <br/> |
| 521 8# - TARGET AUDIENCE NOTE | |
| Target audience note | R <br/> |
| Source | Raz-Plus <br/> |
| 650 ## - SUBJECT ADDED ENTRY--TOPICAL TERM | |
| Topical term or geographic name entry element | មាន់គកឈ្លាសវៃ |
| Form subdivision | រឿងនិទានកុមារ |
| 650 ## - SUBJECT ADDED ENTRY--TOPICAL TERM | |
| Topical term or geographic name entry element | The wise rooster |
| Form subdivision | Children's Stories |
| 700 ## - ADDED ENTRY--PERSONAL NAME | |
| Personal name | O, Eth |
| Relator term | Illustrator |
| 942 ## - ADDED ENTRY ELEMENTS (KOHA) | |
| Source of classification or shelving scheme | Dewey Decimal Classification |
| Koha item type | Khmer Books |
| Suppress in OPAC | No |
| Withdrawn status | Lost status | Source of classification or shelving scheme | Damaged status | Not for loan | Collection | Home library | Current library | Shelving location | Date acquired | Total Checkouts | Full call number | Barcode | Date last seen | Copy number | Price effective from | Koha item type |
|---|---|---|---|---|---|---|---|---|---|---|---|---|---|---|---|---|
| Dewey Decimal Classification | Khmer-English Bilingual / ភាសាខ្មែរ-អង់គ្លេស | Footprints International School Library Network Toul Tom Poung Campus | Footprints International School Library Network Toul Tom Poung Campus | TTP Primary Khmer Bookshelves | 11/24/2025 | SAR 398.2 | 2025-4891 | 11/24/2025 | 1 | 11/24/2025 | Khmer Books | |||||
| Dewey Decimal Classification | Khmer-English Bilingual / ភាសាខ្មែរ-អង់គ្លេស | Footprints International School Library Network Toul Tom Poung Campus | Footprints International School Library Network Toul Tom Poung Campus | TTP Primary Khmer Bookshelves | 04/09/2026 | SAR 398.2 | 2026-0500 | 04/09/2026 | 2 | 04/09/2026 | Khmer Books |
